[Event "Skakligaen"]
[Site "Danmark"]
[Date "2019.03.17"]
[Round "9.2"]
[White "Rostgaard, Tobias Valentin"]
[Black "Kristensen, Leif Sogaard"]
[Result "1/2-1/2"]
[WhiteElo "2388"]
[BlackElo "2309"]
[EventDate "2018.10.27"]
[EventType "team-tourn"]
[EventRounds "9"]
[EventCountry "Danmark"]
[WhiteTeam "BMS"]
[BlackTeam "Evans"]
[WhiteTeamCountry "DEN"]
[BlackTeamCountry "DEN"]
[WhiteFideId "1408801"]
[BlackFideId "1406809"]

1. c4 g6 2. g3 Bg7 3. Bg2 d6 4. Nc3 Nf6 5. e4 e5 6. Nge2 Nc6 7. d3 Be6 8. O-O Qd7 9. Nd5 Nh5 10. Be3 Nd4 11. Nxd4 exd4 12. Bd2 c6 13. Nf4 Nxf4 14. Bxf4 O-O 15. b4 Rfe8 16. Re1 f5 17. exf5 Bxf5 18. Qd2 Rac8 19. h4 b5 20. Rxe8+ Rxe8 21. cxb5 cxb5 22. Rc1 Qe6 23. Bf3 Be5 24. Bxe5 Qxe5 25. Bc6 Re7 26. h5 Kg7 27. Bf3 Bh3 28. Kh2 Qf5 29. h6+ Kf6 30. Be4 Qh5 31. Qf4+ Bf5+ 32. Kg1 Re5 33. Bf3 Qg5 34. Rc6 Re1+ 35. Kg2 Qxf4 36. gxf4 Ke6 37. Rc7 g5 38. fxg5 Bxd3 39. Rg7 Re5 40. Bg4+ Kd5 41. f4 Re8 42. f5 Be2 43. Bxe2 Rxe2+ 44. Kf3 Re5 45. Rxa7 Rxf5+ 46. Kg4 Rf8 47. a4 bxa4 48. Rxa4 d3 49. Ra1 Kc4 50. Rb1 Kc3 51. g6 hxg6 52. b5 d2 53. b6 Kc2 54. Rh1 d5 55. Kg5 d1=Q 56. Rxd1 Kxd1 57. h7 Rb8 58. Kh6 d4  1/2-1/2

[Event "Skakligaen"]
[Site "Danmark"]
[Date "2019.03.17"]
[Round "9.3"]
[White "Borovnica, Tihomir"]
[Black "Lindgren, Philip"]
[Result "1-0"]
[WhiteElo "2226"]
[BlackElo "2383"]
[EventDate "2018.10.27"]
[EventType "team-tourn"]
[EventRounds "9"]
[EventCountry "Danmark"]
[WhiteTeam "Evans"]
[BlackTeam "BMS"]
[WhiteTeamCountry "DEN"]
[BlackTeamCountry "DEN"]
[WhiteFideId "1434888"]
[BlackFideId "1713230"]

1. d4 Nf6 2. c4 e6 3. Nf3 d5 4. Nc3 Nbd7 5. Bg5 h6 6. Bxf6 Nxf6 7. e3 Be7 8. c5 c6 9. Ne5 Nd7 10. f4 Nxe5 11. fxe5 O-O 12. Bd3 f6 13. exf6 Rxf6 14. Qh5 Bd7 15. O-O-O Qe8 16. Qe5 b6 17. cxb6 axb6 18. Rdf1 b5 19. Kb1 Qb8 20. Qh5 b4 21. Ne2 Qa7 22. Nc1 Raf8 23. Rxf6 Rxf6 24. Nb3 Qb8 25. Rc1 Be8 26. Qh3 e5 27. g3 e4 28. Be2 Kh7 29. Qg2 Bg6 30. Qg1 Qf8 31. Nc5 Bf5 32. Ba6 Bh3 33. Qe1 Rf2 34. Qxb4 Rxh2 35. a4 Qf2 36. Qb3 Qxg3 37. Bb7 Bd8 38. Bxc6 Re2 39. Bxd5 Rxe3 40. Bxe4+ Kh8 41. Qd5 Qh4 42. Bc2 Qe7 43. Qa8 Qf6 44. a5 Re8 45. a6 Qxd4 46. Qc6 Re2 47. Qg6 Rxc2 48. Qxc2 Bb6 49. Rd1 Qf6 50. Ne4 Qf3 51. a7 Qf8 52. Nd6 Bxa7 53. Nf7+ Kg8 54. Rd8 Kxf7 55. Qc4+ Be6 56. Qf4+  1-0

[Event "Skakligaen"]
[Site "Danmark"]
[Date "2019.03.17"]
[Round "9.4"]
[White "Haubro, Martin"]
[Black "Kristensen, Bjarke Hautop"]
[Result "1-0"]
[WhiteElo "2358"]
[BlackElo "2223"]
[EventDate "2018.10.27"]
[EventType "team-tourn"]
[EventRounds "9"]
[EventCountry "Danmark"]
[WhiteTeam "BMS"]
[BlackTeam "Evans"]
[WhiteTeamCountry "DEN"]
[BlackTeamCountry "DEN"]
[WhiteFideId "1414291"]
[BlackFideId "1437747"]

1. e4 c5 2. Nf3 Nc6 3. d4 cxd4 4. Nxd4 e5 5. Nb5 d6 6. c4 Be7 7. N1c3 a6 8. Na3 Be6 9. Nc2 Rc8 10. b3 Nf6 11. Be2 O-O 12. Bb2 b5 13. cxb5 axb5 14. Bf3 Qb6 15. O-O b4 16. Nd5 Bxd5 17. exd5 Na5 18. Qd2 Rb8 19. Ne3 g6 20. Rfc1 Nd7 21. Bd1 Nc5 22. Nc4 Nxc4 23. Rxc4 f5 24. Bc2 Rfc8 25. Rc1 Rf8 26. Bb1 Bf6 27. Kh1 f4 28. Qe2 Kg7 29. Qg4 Qb7 30. Rd1 Rf7 31. g3 Rbf8 32. gxf4 exf4 33. Bc1 Be5 34. Qf3 Rf6 35. Bd2 Na6 36. Rdc1 R8f7 37. Be4 Bb2 38. R1c2 Be5 39. Qh3 Qb5 40. Bf3 Rf5 41. Qf1 Rg5 42. Qe1 Qd7 43. Qf1 Qb5 44. h4 Rgf5 45. Qh3 h6 46. Kg1 R5f6 47. Qc8 Nc5 48. Qc6 Qb8 49. Rxb4 Qd8 50. Bg4 h5 51. Bh3 g5 52. Qc8 Qe7 53. Be6 gxh4 54. Bxf7 Rxf7 55. Qh3 Rf6 56. Kf1 Rg6 57. Bxf4 Bxf4 58. Rxf4 Qg5 59. Qf5 Qg2+ 60. Ke2 Kh6 61. Rxh4 Rg5 62. Qf6+ Kh7 63. Qe7+ Kg8 64. Qxd6 Rxd5 65. Qg3+  1-0

[Event "Skakligaen"]
[Site "Danmark"]
[Date "2019.03.17"]
[Round "9.6"]
[White "Jacobsen, Mikkel Manosri"]
[Black "Skjoldager, Per"]
[Result "1-0"]
[WhiteElo "2285"]
[BlackElo "2049"]
[EventDate "2018.10.27"]
[EventType "team-tourn"]
[EventRounds "9"]
[EventCountry "Danmark"]
[WhiteTeam "BMS"]
[BlackTeam "Evans"]
[WhiteTeamCountry "DEN"]
[BlackTeamCountry "DEN"]
[WhiteFideId "1444514"]
[BlackFideId "1408828"]

1. d4 Nf6 2. c4 e6 3. Nc3 d5 4. cxd5 exd5 5. Qc2 c6 6. Bg5 Be7 7. e3 Bg4 8. Bd3 Nbd7 9. Nge2 Nf8 10. h3 Bd7 11. Bf4 Ne6 12. Be5 Nf8 13. g4 Ng6 14. Bg3 Bc8 15. f3 Bd6 16. Bf2 Bc7 17. a3 Qe7 18. Rc1 O-O 19. h4 Rd8 20. h5 Nf8 21. g5 Ne8 22. Kd2 g6 23. f4 Ng7 24. Ng3 Bg4 25. hxg6 fxg6 26. Rh4 Be6 27. Rch1 Qd7 28. e4 Re8 29. f5 gxf5 30. Nxf5 dxe4 31. Nxe4 Bd8 32. Nxg7 Qxg7 33. Be3 Bf5 34. Nf6+ Bxf6 35. Bxf5 Bxg5 36. Bxg5 Qxg5+ 37. Kd1 Kf7 38. Qc5 Qg3 39. Be4 Re6 40. Rf1+ Rf6 41. Rxf6+ Kxf6 42. Qf5+ Ke7 43. Rg4 Qb3+ 44. Bc2 Qf7 45. Qe5+ Ne6 46. Bf5 Re8 47. Bxe6 Qxe6 48. Qc7+  1-0

[Event "Skakligaen"]
[Site "Danmark"]
[Date "2019.03.17"]
[Round "9.7"]
[White "Firooznia, Farzam"]
[Black "Seegert, Kristian"]
[Result "0-1"]
[WhiteElo "2104"]
[BlackElo "2227"]
[EventDate "2018.10.27"]
[EventType "team-tourn"]
[EventRounds "9"]
[EventCountry "Danmark"]
[WhiteTeam "Evans"]
[BlackTeam "BMS"]
[WhiteTeamCountry "DEN"]
[BlackTeamCountry "DEN"]
[WhiteFideId "1439154"]
[BlackFideId "1405098"]

1. e4 c5 2. Nc3 Nc6 3. f4 e6 4. Nf3 d5 5. Bb5 Nf6 6. Bxc6+ bxc6 7. d3 Be7 8. O-O O-O 9. Qe1 c4 10. dxc4 Ba6 11. Ne5 Bb4 12. exd5 cxd5 13. Bd2 dxc4 14. Rd1 Qc7 15. Rf3 Rfd8 16. Rh3 Bb7 17. Kf1 Rd4 18. Nb5 Bxg2+ 19. Kg1 Qb6 20. Nxd4 Bxd2 21. Rxd2 Bxh3 22. Nxc4 Qc5 23. Ne5 Bf5 24. c3 a5 25. Qe2 Nd5 26. Qf2 Bg6 27. f5 exf5 28. Nxf5 Qxf2+ 29. Kxf2 Bxf5 30. Rxd5 Be6 31. Rb5 Bxa2 32. b3 g6 33. Rb7 a4 34. bxa4 Rxa4 35. Rc7 Be6 36. Kg3 Kg7 37. c4 h5 38. c5 Kf6 39. Nc6 Rc4 40. Nd8 g5 41. Nxe6 Kxe6 42. c6 f6 43. Kg2 Kf5 44. Rh7 h4 45. c7 Kg4 46. Rd7 Rc2+ 47. Kg1 f5 48. Kf1 f4 49. Ke1 Kf3 50. Rd3+ Ke4 51. Rd7 Ke3 52. Re7+ Kf3 53. h3 g4 54. hxg4 h3 55. Rh7 Kg2 56. Rd7 Kg3 57. Kd1 Rc4 58. Rd3+ f3 59. Rd2 h2 60. Rc2 h1=Q+  0-1

[Event "Skakligaen"]
[Site "Danmark"]
[Date "2019.03.17"]
[Round "9.8"]
[White "Vesterli, Michael E"]
[Black "Pedersen, Lars"]
[Result "1-0"]
[WhiteElo "2204"]
[BlackElo "2093"]
[EventDate "2018.10.27"]
[EventType "team-tourn"]
[EventRounds "9"]
[EventCountry "Danmark"]
[WhiteTeam "BMS"]
[BlackTeam "Evans"]
[WhiteTeamCountry "DEN"]
[BlackTeamCountry "DEN"]
[WhiteFideId "1417339"]
[BlackFideId "1410440"]

1. d4 Nf6 2. c4 e6 3. Nf3 d5 4. Nc3 Bb4 5. Bg5 O-O 6. e3 c5 7. Qc2 Nbd7 8. cxd5 exd5 9. Be2 Qa5 10. O-O Bxc3 11. bxc3 Ne4 12. Bd3 h6 13. Bf4 Ndf6 14. c4 Re8 15. cxd5 cxd4 16. Nxd4 Qxd5 17. Rab1 a6 18. Rfd1 Qc5 19. Qb3 b5 20. Rbc1 Qd5 21. Qa3 Bb7 22. f3 Ng5 23. Rc5 Qd8 24. Bc7 Qe7 25. Nf5 Qe6 26. h4 Ngh7 27. Bc2 Nd5 28. Nd6 Nxe3 29. Bxh7+ Kxh7 30. Re1 Qg6 31. Rxe3  1-0

[Event "Skakligaen"]
[Site "Danmark"]
[Date "2019.03.17"]
[Round "9.1"]
[White "Hansen, Sune Berg"]
[Black "Ochsner, Bjorn Moller"]
[Result "1/2-1/2"]
[WhiteElo "2587"]
[BlackElo "2483"]
[EventDate "2018.10.27"]
[EventType "team-tourn"]
[EventRounds "9"]
[EventCountry "Danmark"]
[WhiteTeam "Hillerod"]
[BlackTeam "Skanderborg"]
[WhiteTeamCountry "DEN"]
[BlackTeamCountry "DEN"]
[WhiteFideId "1400266"]
[BlackFideId "1416928"]

1. Nf3 c5 2. e4 d6 3. d4 cxd4 4. Qxd4 a6 5. h3 Nc6 6. Qe3 g6 7. Be2 Bg7 8. O-O Nf6 9. Rd1 Nd7 10. Nc3 b5 11. a4 b4 12. Nd5 O-O 13. Rb1 Nc5 14. b3 e6 15. Nf4 e5 16. Nd5 Kh8 17. Bb2 Bb7 18. Bc4 Rc8 19. c3 bxc3 20. Bxc3 f5 21. exf5 gxf5 22. Qg5 Qe8 23. Qh4 Qg6 24. Qg5 Qe8 25. Qh4 Qg6 26. Qg5 Qe8 27. Qh4 Qg6 28. Qg5  1/2-1/2

[Event "Skakligaen"]
[Site "Danmark"]
[Date "2019.03.17"]
[Round "9.2"]
[White "Bjerre, Jonas Buhl"]
[Black "Schandorff, Lars"]
[Result "1/2-1/2"]
[WhiteElo "2463"]
[BlackElo "2496"]
[EventDate "2018.10.27"]
[EventType "team-tourn"]
[EventRounds "9"]
[EventCountry "Danmark"]
[WhiteTeam "Skanderborg"]
[BlackTeam "Hillerod"]
[WhiteTeamCountry "DEN"]
[BlackTeamCountry "DEN"]
[WhiteFideId "1444948"]
[BlackFideId "1400070"]

1. e4 c5 2. Nf3 Nc6 3. d4 cxd4 4. Nxd4 Nf6 5. Nc3 e5 6. Ndb5 d6 7. Bg5 a6 8. Na3 b5 9. Nd5 Be7 10. Bxf6 Bxf6 11. c3 Bg5 12. Nc2 Rb8 13. Be2 O-O 14. O-O Be6 15. Ncb4 Qc8 16. Qd3 Kh8 17. Nxc6 Qxc6 18. Nb4 Qb6 19. Nd5 Qc6 20. Nb4 Qb6 21. Nd5  1/2-1/2

[Event "Skakligaen"]
[Site "Danmark"]
[Date "2019.03.17"]
[Round "9.3"]
[White "Borge, Nikolaj"]
[Black "Boe Olsen, Filip"]
[Result "0-1"]
[WhiteElo "2372"]
[BlackElo "2423"]
[EventDate "2018.10.27"]
[EventType "team-tourn"]
[EventRounds "9"]
[EventCountry "Danmark"]
[WhiteTeam "Hillerod"]
[BlackTeam "Skanderborg"]
[WhiteTeamCountry "DEN"]
[BlackTeamCountry "DEN"]
[WhiteFideId "1400312"]
[BlackFideId "1440640"]

1. e4 c6 2. d4 d5 3. exd5 cxd5 4. Bd3 Nf6 5. c3 Nc6 6. Nf3 Bg4 7. Bf4 e6 8. Qb3 Qc8 9. Ne5 Bh5 10. Na3 Be7 11. Ba6 bxa6 12. Qa4 Bd6 13. c4 Bxe5 14. dxe5 Nd7 15. cxd5 Nc5 16. Qc4 Nb4 17. Be3 exd5  0-1

[Event "Skakligaen"]
[Site "Danmark"]
[Date "2019.03.17"]
[Round "9.4"]
[White "Pedersen, Nicolai Vesterbaek"]
[Black "Jaksland, Tim"]
[Result "1-0"]
[WhiteElo "2384"]
[BlackElo "2228"]
[EventDate "2018.10.27"]
[EventType "team-tourn"]
[EventRounds "9"]
[EventCountry "Danmark"]
[WhiteTeam "Skanderborg"]
[BlackTeam "Hillerod"]
[WhiteTeamCountry "DEN"]
[BlackTeamCountry "DEN"]
[WhiteFideId "1402340"]
[BlackFideId "1401084"]

1. e4 c5 2. Nf3 e6 3. c3 Nf6 4. e5 Nd5 5. d4 cxd4 6. cxd4 d6 7. Bd3 Nc6 8. O-O Ndb4 9. Bc4 dxe5 10. a3 e4 11. Ng5 Nd3 12. d5 exd5 13. Bxd3 exd3 14. Re1+ Be7 15. Qh5 g6 16. Qh6 Be6 17. Bf4 Qd7 18. Nc3 O-O-O 19. Rac1 Bd6 20. Bxd6 Qxd6 21. Nxe6 fxe6 22. Nb5 Qf8 23. Qe3 d4 24. Nxa7+ Kc7 25. Qxd3 Qf5 26. Qg3+ Kd7 27. Nxc6 bxc6 28. Re5 Qf6 29. Rd1 Ke7 30. Rd3 Rd7 31. Rf3 Qg7 32. Qg5+ Kd6 33. Rf6 Re8 34. Qf4 g5 35. Rxg5+  1-0

[Event "Skakligaen"]
[Site "Danmark"]
[Date "2019.03.17"]
[Round "9.5"]
[White "Ostergaard, Jens"]
[Black "Hansen, Mads"]
[Result "1/2-1/2"]
[WhiteElo "2206"]
[BlackElo "2413"]
[EventDate "2018.10.27"]
[EventType "team-tourn"]
[EventRounds "9"]
[EventCountry "Danmark"]
[WhiteTeam "Hillerod"]
[BlackTeam "Skanderborg"]
[WhiteTeamCountry "DEN"]
[BlackTeamCountry "DEN"]
[WhiteFideId "1400606"]
[BlackFideId "1401610"]

1. d4 Nf6 2. Nf3 d5 3. c4 e6 4. Nc3 c6 5. e3 Nbd7 6. Bd3 dxc4 7. Bxc4 b5 8. Bd3 Bb7 9. O-O a6 10. e4 c5 11. d5 c4 12. dxe6 fxe6 13. Bc2 Qc7 14. Qe2 Bd6 15. Nd4 Nc5 16. Kh1 O-O 17. f4 e5 18. Nf5 Ne6 19. Nxd6 Qxd6 20. fxe5 Qxe5 21. Rf5 Nd4 22. Rxe5 Nxe2 23. Nxe2 Ng4 24. Bf4 Rxf4 25. Nxf4 Nxe5 26. Rd1 Rf8 27. Ne6 Rf6 28. Nd4 Nd3 29. Bxd3 cxd3 30. Kg1 Bxe4 31. Nb3 Bg6 32. Nc5 Rd6 33. Kf2 Rd5 34. b4 a5 35. Ke3 axb4 36. Nxd3 Rd8 37. Rd2 Bxd3 38. Rxd3 Ra8 39. Rd2 Ra3+ 40. Kf4 b3 41. axb3 Rxb3 42. Kf5 Rb1 43. Rd8+ Kf7 44. Rd7+ Kf8 45. Rb7 Rf1+ 46. Kg4 Rf2 47. Rxb5 Rxg2+ 48. Kh3 Rg1 49. Rb7 h6 50. Kh4 Rg2 51. h3 Kg8 52. Kh5 Rg5+ 53. Kh4 Kh7 54. Rb6 Rg6 55. Rb7 Rg1 56. Kh5 Rg5+ 57. Kh4 Rd5 58. Rb6 Rd4+ 59. Kg3 h5 60. h4 Rd3+ 61. Kg2 Re3 62. Rc6 Kg8 63. Rc5 g6 64. Rc7 Kf8 65. Ra7 Re7 66. Rxe7 Kxe7 67. Kf3 Kf7 68. Ke4 Ke6 69. Kf4 Kf6 70. Ke4  1/2-1/2

[Event "Skakligaen"]
[Site "Danmark"]
[Date "2019.03.17"]
[Round "9.6"]
[White "Boe, Mads"]
[Black "Nordenbaek, Jan"]
[Result "1-0"]
[WhiteElo "2295"]
[BlackElo "2188"]
[EventDate "2018.10.27"]
[EventType "team-tourn"]
[EventRounds "9"]
[EventCountry "Danmark"]
[WhiteTeam "Skanderborg"]
[BlackTeam "Hillerod"]
[WhiteTeamCountry "DEN"]
[BlackTeamCountry "DEN"]
[WhiteFideId "1401408"]
[BlackFideId "1401475"]

1. d4 Nf6 2. Nf3 d5 3. c4 c6 4. cxd5 cxd5 5. Nc3 Nc6 6. Bf4 a6 7. Rc1 e6 8. e3 Bd6 9. Bg5 Bd7 10. Bd3 h6 11. Bh4 b5 12. O-O Rc8 13. a4 b4 14. Nb1 Qb6 15. Nbd2 Be7 16. Qe2 Ra8 17. Nb3 O-O 18. Ne5 g5 19. Nxd7 Nxd7 20. Bg3 f5 21. h3 e5 22. Bxe5 Ncxe5 23. dxe5 Nxe5 24. a5 Qf6 25. f4 Ng6 26. Kh1 g4 27. Nd4 Nh4 28. Rc6 Qg7 29. g3 Nf3 30. Nxf5  1-0

[Event "Skakligaen"]
[Site "Danmark"]
[Date "2019.03.17"]
[Round "9.7"]
[White "Svenninggaard, Thomas"]
[Black "Brondt, Nicolai Kvist"]
[Result "1/2-1/2"]
[WhiteElo "2124"]
[BlackElo "2298"]
[EventDate "2018.10.27"]
[EventType "team-tourn"]
[EventRounds "9"]
[EventCountry "Danmark"]
[WhiteTeam "Hillerod"]
[BlackTeam "Skanderborg"]
[WhiteTeamCountry "DEN"]
[BlackTeamCountry "DEN"]
[WhiteFideId "1406302"]
[BlackFideId "1413848"]

1. c4 Nf6 2. Nc3 c5 3. g3 e6 4. Bg2 d5 5. cxd5 exd5 6. d3 d4 7. Nb1 Bd6 8. Nf3 O-O 9. O-O Nc6 10. Bg5 h6 11. Bxf6 Qxf6 12. Nbd2 Qe6 13. Rc1 Be7 14. Nb3 Qf5 15. Nfd2 Bd7 16. Be4 Qh5 17. Bf3 Qe5 18. Re1 Rfe8 19. Bg2 b6 20. Nf3 Qd6 21. a3 Rad8 22. Nbd2 Qb8 23. Nc4 Be6 24. Qd2 Bd5 25. Rb1 Qc7 26. Qf4 Qxf4 27. gxf4 Bf6 28. b4 b5 29. Nce5 cxb4 30. Nxc6 Bxc6 31. axb4 Bb7 32. Kf1 Rc8 33. Ra1 a6 34. Ne5 Bxg2+ 35. Kxg2 Bxe5 36. fxe5 Rc6 37. f4 f6 38. Rec1 Rxc1 39. Rxc1 fxe5 40. fxe5 Rxe5 41. Kf2 Re6 42. Rc8+ Kf7 43. Rd8 Rf6+  1/2-1/2

[Event "Skakligaen"]
[Site "Danmark"]
[Date "2019.03.17"]
[Round "9.8"]
[White "Munk, Kai"]
[Black "Andersen, Ib Hother"]
[Result "0-1"]
[WhiteElo "1958"]
[BlackElo "2155"]
[EventDate "2018.10.27"]
[EventType "team-tourn"]
[EventRounds "9"]
[EventCountry "Danmark"]
[WhiteTeam "Skanderborg"]
[BlackTeam "Hillerod"]
[WhiteTeamCountry "DEN"]
[BlackTeamCountry "DEN"]
[WhiteFideId "1406949"]
[BlackFideId "1407210"]

1. Nf3 Nf6 2. g3 d5 3. Bg2 c6 4. b3 Bg4 5. Bb2 Nbd7 6. d4 e6 7. Nbd2 Bd6 8. Ne5 Bf5 9. O-O O-O 10. Nxd7 Qxd7 11. Re1 a5 12. a4 Rfe8 13. e4 dxe4 14. Nxe4 Nxe4 15. Bxe4 Bxe4 16. Rxe4 Be7 17. Qe2 Bf6 18. Re1 c5 19. c3 cxd4 20. cxd4 Red8 21. Rc1 Rac8 22. Rxc8 Rxc8 23. Qd3 Qd5 24. f4 g6 25. Re2 Rc6 26. Re3 h5 27. h3 Bg7 28. Qd1 Rd6 29. Kh2 Bxd4 30. Bxd4 Qxd4 31. Qxd4 Rxd4 32. Kg2 h4 33. Rc3 Kg7 34. Kf3 hxg3 35. Kxg3 Kf6 36. h4 b6 37. Kg4 Rb4 38. Re3 Ke7 39. Kg5 Rd4 40. Rc3 Rd5+ 41. Kg4 Kd7 42. Rc4 Rc5 43. Rd4+ Kc6 44. Rd8 Rf5 45. Rd4 b5 46. axb5+ Rxb5 47. Rc4+ Rc5 48. Ra4 Kb5 49. Rd4 Rf5 50. Re4 Kc6 51. Rc4+ Rc5 52. Ra4 Rb5 53. Rc4+ Kd6 54. Ra4 Ke7 55. Ra1 Kf6 56. Ra2 Kg7 57. Ra3 Kh6 58. Kg3 Kh5 59. Kh3 Rd5 60. Kg3 f5 61. b4 axb4 62. Rb3 Rb5 63. Rd3 b3 64. Rd8 Kh6  0-1

[Event "Skakligaen"]
[Site "Danmark"]
[Date "2019.03.17"]
[Round "9.1"]
[White "Persson, Tiger Hillarp"]
[Black "Rasmussen, Allan Stig"]
[Result "1-0"]
[WhiteElo "2558"]
[BlackElo "2547"]
[EventDate "2018.10.27"]
[EventType "team-tourn"]
[EventRounds "9"]
[EventCountry "Danmark"]
[WhiteTeam "Bronshoj"]
[BlackTeam "Jetsmark"]
[WhiteTeamCountry "DEN"]
[BlackTeamCountry "DEN"]
[WhiteFideId "1700812"]
[BlackFideId "1406000"]

1. Nf3 d5 2. g3 Nf6 3. Bg2 c6 4. c4 Bf5 5. Qb3 Qb6 6. d3 e6 7. Be3 Qa6 8. cxd5 exd5 9. Nc3 Nbd7 10. O-O Bd6 11. Bd4 O-O 12. Rfe1 Rfe8 13. Rad1 Bc5 14. Qc2 Bxd4 15. Nxd4 Bg6 16. Nf3 Qb6 17. Nh4 d4 18. Na4 Qb4 19. Nxg6 hxg6 20. Rc1 Re5 21. a3 Qe7 22. b4 Re8 23. Kf1 g5 24. Nb2 Rf5 25. Nd1 Ng4 26. Kg1 Qf6 27. Rf1 Qh6 28. h3 Nge5 29. Qd2 Qe6 30. Nb2 g4 31. Nc4 Rh5 32. hxg4 Nxg4 33. Qf4 Ndf6 34. Rc2 g5 35. Qxd4 Nh6 36. Qd6 Qf5 37. Ne3 Qg6 38. Rc5 Qg7 39. Nf5 Nxf5 40. Rxf5 Ng4 41. Qd7 Re6 42. Bf3 Reh6 43. Qe8+  1-0

[Event "Skakligaen"]
[Site "Danmark"]
[Date "2019.03.17"]
[Round "9.2"]
[White "Thogersen, Rasmus"]
[Black "Aabling Thomsen, Jakob"]
[Result "1-0"]
[WhiteElo "2298"]
[BlackElo "2369"]
[EventDate "2018.10.27"]
[EventType "team-tourn"]
[EventRounds "9"]
[EventCountry "Danmark"]
[WhiteTeam "Jetsmark"]
[BlackTeam "Bronshoj"]
[WhiteTeamCountry "DEN"]
[BlackTeamCountry "DEN"]
[WhiteFideId "1431412"]
[BlackFideId "1407589"]

1. e4 e5 2. Nf3 Nc6 3. Bc4 Be7 4. d4 d6 5. dxe5 Nxe5 6. Nxe5 dxe5 7. Qh5 g6 8. Qxe5 Nf6 9. Bh6 Qd6 10. Qxd6 cxd6 11. Nc3 Be6 12. Bb5+ Kd8 13. f3 Kc7 14. O-O-O Rhg8 15. h4 Rad8 16. Bg5 Rh8 17. Bh6 Bf8 18. Bf4 Be7 19. g4 Kc8 20. Rd4 a6 21. Bc4 Ne8 22. e5 dxe5 23. Bxe6+ fxe6 24. Rc4+ Kb8 25. Bxe5+ Nd6 26. Ne4 Ka8 27. Nxd6 Bxd6 28. Bxh8 Rxh8 29. Kd2 Bg3 30. Rh3 Rd8+ 31. Ke2 Bb8 32. Rh1 Bg3 33. Rh3 Bb8 34. Re4 Rd6 35. f4 h5 36. gxh5 gxh5 37. c4 Rd7 38. Rg3 Rf7 39. Rg8 Ka7 40. Ke3 Bd6 41. Rg6 Be7 42. Rexe6 Bxh4 43. Rh6 Bg3 44. Ref6 Re7+ 45. Kf3 h4 46. f5 Rd7 47. Re6 Rd4 48. Re4 Rd3+ 49. Kg4 Rd2 50. f6 Rxb2 51. Rh5 Rg2 52. Rf5 Bd6+ 53. Kxh4 Rxa2 54. c5 Rh2+ 55. Kg5 Bf8 56. Re8 Rg2+ 57. Kh5 Rg8 58. Rd5 Rh8+ 59. Kg4 Rg8+ 60. Kf5  1-0

[Event "Skakligaen"]
[Site "Danmark"]
[Date "2019.03.17"]
[Round "9.3"]
[White "Hoi, Carsten"]
[Black "Christensen, Stefan"]
[Result "1-0"]
[WhiteElo "2359"]
[BlackElo "2255"]
[EventDate "2018.10.27"]
[EventType "team-tourn"]
[EventRounds "9"]
[EventCountry "Danmark"]
[WhiteTeam "Bronshoj"]
[BlackTeam "Jetsmark"]
[WhiteTeamCountry "DEN"]
[BlackTeamCountry "DEN"]
[WhiteFideId "1400100"]
[BlackFideId "1404148"]

1. Nf3 Nf6 2. c4 b6 3. Nc3 Bb7 4. d4 e6 5. a3 d5 6. Bg5 Be7 7. e3 O-O 8. Bd3 dxc4 9. Bxc4 Nbd7 10. O-O c5 11. Qe2 cxd4 12. exd4 Re8 13. Rfd1 Nd5 14. Bxd5 Bxd5 15. Nxd5 exd5 16. Bxe7 Qxe7 17. Qb5 Qd6 18. Rac1 Rac8 19. g3 f6 20. Qa6 Rc7 21. Rxc7 Qxc7 22. Qb5 Qb7 23. Rc1 Re6 24. Nh4 g6 25. Ng2 Re4 26. Qb4 Ne5 27. Qd6 Nc4 28. Qxf6 Qf7 29. Qg5 Rxd4 30. b3 Nd6 31. Qe5 Rd2 32. Nf4 Qf8 33. Rc7 Nf7 34. Qe6 Kg7 35. Qe1  1-0

[Event "Skakligaen"]
[Site "Danmark"]
[Date "2019.03.17"]
[Round "9.4"]
[White "Rathlev, Jakob"]
[Black "Pilgaard, Kim"]
[Result "1/2-1/2"]
[WhiteElo "2228"]
[BlackElo "2416"]
[EventDate "2018.10.27"]
[EventType "team-tourn"]
[EventRounds "9"]
[EventCountry "Danmark"]
[WhiteTeam "Jetsmark"]
[BlackTeam "Bronshoj"]
[WhiteTeamCountry "DEN"]
[BlackTeamCountry "DEN"]
[WhiteFideId "1405284"]
[BlackFideId "1400657"]

1. Nf3 d5 2. b3 Nf6 3. Bb2 g6 4. c4 c6 5. g3 Bg7 6. Bg2 O-O 7. O-O Qb6 8. cxd5 cxd5 9. Nc3 Nc6 10. Rc1 Bf5 11. d3 Rac8 12. Qc2 d4 13. Na4 Qd8 14. Qb1 b6 15. Rc4 Be6 16. Nxd4 Nxd4 17. Rxd4 Qe8 18. Qa1 Rc2 19. Bf3 Qb8 20. Rc4 Bxc4 21. bxc4 b5 22. Qb1 Rxb2 23. Nxb2 bxc4 24. Nxc4 Qc7 25. Qc2 Rb8 26. Rb1 Nd7 27. Rxb8+ Qxb8 28. Ne3 e6 29. Qb3 Qd8 30. Qb7 a5 31. a4 h5 32. Nc4 Ne5 33. Bc6  1/2-1/2

[Event "Skakligaen"]
[Site "Danmark"]
[Date "2019.03.17"]
[Round "9.5"]
[White "Bromann, Thorbjorn"]
[Black "Rosenkilde, Alexander"]
[Result "0-1"]
[WhiteElo "2395"]
[BlackElo "2253"]
[EventDate "2018.10.27"]
[EventType "team-tourn"]
[EventRounds "9"]
[EventCountry "Danmark"]
[WhiteTeam "Bronshoj"]
[BlackTeam "Jetsmark"]
[WhiteTeamCountry "DEN"]
[BlackTeamCountry "DEN"]
[WhiteFideId "1403893"]
[BlackFideId "1408488"]

1. c4 e5 2. g3 Nc6 3. Bg2 Bc5 4. Nc3 a6 5. e3 d6 6. Nf3 Nf6 7. h3 O-O 8. O-O Bf5 9. d4 exd4 10. Nxd4 Bd7 11. b3 Ba7 12. Bb2 Re8 13. g4 h6 14. Rc1 Rb8 15. Nce2 Nxd4 16. exd4 d5 17. Ng3 Rc8 18. Re1 c6 19. Rxe8+ Qxe8 20. Qd2 Bb8 21. Re1 Be6 22. f4 Qd8 23. c5 Qc7 24. Bc1 Re8 25. Qf2 Bc8 26. Rxe8+ Nxe8 27. Nh5 Qe7 28. Kf1 Nf6 29. Qh4 Kf8 30. Nxg7 Kxg7 31. f5 h5 32. gxh5 Ng8 33. h6+ Kh7 34. Bg5 f6 35. Bf4 Bxf4 36. Qxf4 Nxh6  0-1

[Event "Skakligaen"]
[Site "Danmark"]
[Date "2019.03.17"]
[Round "9.6"]
[White "Grubert, Christian"]
[Black "Laursen, Niels Norskov"]
[Result "0-1"]
[WhiteElo "2161"]
[BlackElo "2256"]
[EventDate "2018.10.27"]
[EventType "team-tourn"]
[EventRounds "9"]
[EventCountry "Danmark"]
[WhiteTeam "Jetsmark"]
[BlackTeam "Bronshoj"]
[WhiteTeamCountry "DEN"]
[BlackTeamCountry "DEN"]
[WhiteFideId "1406744"]
[BlackFideId "1404709"]

1. e4 d6 2. Nf3 Nf6 3. d3 g6 4. g3 Bg7 5. Bg2 O-O 6. O-O c5 7. Qe2 Nc6 8. c3 Bg4 9. h3 Bxf3 10. Bxf3 Rb8 11. Rd1 Qc7 12. Be3 b5 13. d4 Nd7 14. Na3 b4 15. Nc4 Na5 16. Rac1 Nxc4 17. Qxc4 bxc3 18. bxc3 Rb2 19. Bg2 Rc8 20. dxc5 Nxc5 21. Bd4 Ne6 22. Qxc7 Rxc7 23. Bxg7 Kxg7 24. e5 dxe5 25. Rd5 Nc5 26. Ra1 Kf6 27. c4 e6 28. Rd6 Ke7 29. Rdd1 Rd7 30. Rxd7+ Kxd7 31. a3 f5 32. Re1 e4 33. Re3 Rb3 34. Rxb3 Nxb3 35. f3 exf3 36. Bxf3 Nd2 37. Be2 Kd6  0-1

[Event "Skakligaen"]
[Site "Danmark"]
[Date "2019.03.17"]
[Round "9.7"]
[White "Palm, Nikolaj"]
[Black "Rasmussen, Henning"]
[Result "1-0"]
[WhiteElo "2286"]
[BlackElo "2142"]
[EventDate "2018.10.27"]
[EventType "team-tourn"]
[EventRounds "9"]
[EventCountry "Danmark"]
[WhiteTeam "Bronshoj"]
[BlackTeam "Jetsmark"]
[WhiteTeamCountry "DEN"]
[BlackTeamCountry "DEN"]
[WhiteFideId "1402145"]
[BlackFideId "1407988"]

1. d4 d5 2. c4 c6 3. cxd5 cxd5 4. Nf3 Nf6 5. Nc3 e6 6. Bf4 Nc6 7. e3 Be7 8. h3 O-O 9. Bd3 a6 10. Rc1 b5 11. O-O Bb7 12. Qe2 Nh5 13. Bh2 g6 14. a4 b4 15. Nb1 Bd6 16. Bxd6 Qxd6 17. Nbd2 f6 18. Nb3 Rae8 19. Nc5 Ba8 20. Bxa6 e5 21. dxe5 fxe5 22. Rfd1 Na5 23. Qb5 e4 24. Nxe4 Rxe4 25. Qxa5 Qf6 26. Rc8 Rxc8 27. Bxc8 Qc6 28. Bd7 Qb7 29. Qd8+ Kg7 30. Nd4 Kh6 31. Rc1 Nf4 32. Qf8+ Kh5 33. Bg4+ Kh4 34. Nf3#  1-0